| 000 | 006260000a22001570004500 | ||
|---|---|---|---|
| 003 | MACL | ||
| 005 | 20190602152302.0 | ||
| 008 | 190602b xxu||||| |||| 00| 0 eng d | ||
| 040 |
_aMACL _cMACL |
||
| 100 |
_aशास्त्री सुरेन्द्रदेव _975191 |
||
| 245 | _a महाकवि कालिदास और भवभूति के नाटकों का तुलनात्मक अध्ययन | ||
| 260 |
_bसाहित्य भण्डार _c1969 _aमेरठ |
||
| 350 | _a25 | ||
| 650 |
_aसाहित्य _975192 |
||
| 942 |
_cHIN _k800 _2ddc |
||
| 999 |
_c27594 _d27594 |
||